000
00206 a2200097 4500
001
53294
100
_a
Brick Hlll, P
245
_a
Reach for the sky
260
_a
London
_b
Collins
_c
090
_c
33573
_d
33573
942
_a
NUST-CAE
_c
M
_c
26195
999
_c
288367
_d
288367